000 00819nam a2200229Ia 4500
001 11454
003 GE_BSU
008 181216s||||||||xx |||||||||||||| ||und||
040 _cGE_BSU
080 _a593.1+619:616.99+595.44+595.7
100 _aმათიკაშვილი,ირ.
245 _aვეტერინალური პროტოზოოლოგია
245 _b(არაქნო ენტომოლოგიით)
245 _cრედ:პ.ბურჯანაძე.
260 _aთბილისი
260 _bცოდნა
260 _c1958
300 _a366გვ;23სმ.
300 _bილ.
653 _aვეტერინალური პროტოზოოლოგია(არაქნო ენტომოლოგიით).
942 _cBK
999 _c44651
_d44651